| 000 | 00504nam a2200169 i 4500 | ||
|---|---|---|---|
| 001 | bg | ||
| 100 | 1 | _aAUGUSTYN, Jan | |
| 245 | 0 |
_aPołączenia spawane i zgrzewane / _cJan Augustyn. |
|
| 260 |
_aWarszawa, _c1987. |
||
| 490 | 1 | _aEkonomiczne Konstrukcje Stalowe. Projektowanie i Realizacja | |
| 830 | 0 |
_aEkonomiczne Konstrukcje Stalowe. _pProjektowanie i Realizacja |
|
| 040 | _cBPK | ||
| 041 | _apol | ||
| 080 | _a624.01/.07:621.791/.795 | ||
| 942 | _cKS | ||
| 008 | s pl f |000 0 pol | ||
| 999 |
_c23866 _d23866 |
||
| 856 |
_uhttp://koha.tu.koszalin.pl/cgi-bin/koha/opac-detail.pl?biblionumber=23866 _yKatalog online BPK |
||